000 00591nam a2200181Ia 4500
008 090124s9999 xx 000 0 und d
082 _b102268
100 _aकुलकर्णी जी.ए.(गुरुनाथ आबाजी )
245 _a शिवार
250 _a1
260 _c1946
300 _a174
600 _aकुलकर्णी जी.ए.(गुरुनाथ आबाजी )
630 _a शिवार
700 _aकुलकर्णी जी.ए.(गुरुनाथ आबाजी )
730 _a शिवार
942 _cBOOK
999 _c148360
_d148360